| 000 | 00638nam a22001217a 4500 | ||
|---|---|---|---|
| 008 | 110616t xxu||||| |||| 00| 0 eng d | ||
| 010 | _aCACAF46 | ||
| 245 | _aCourt of Appeal Criminal Appeal No. 2 OF 2000 Omuroni Francis Vs Uganda | ||
| 260 | _c2000 | ||
| 500 | _aCoram: Hon. Justice G.M. Okello, JA Hon. Justice A.E. Mpagi-Bahigeine, J.A Hon. Justice A. Twinomujuni, J.A. | ||
| 500 | _aAppeal from the judgement of the High Court of Uganda Akiiki-Kiiza, J at Soroti dated 28th September 1998 in C.S.C. No. 34 of 1998 | ||
| 999 |
_c3090 _d3090 |
||